[Event "Donner Memorial-A"]
[Site "Amsterdam"]
[Date "1994.??.??"]
[Round "9"]
[White "Lobron, Eric"]
[Black "Jussupow, Artur"]
[Result "1-0"]
[WhiteElo "2580"]
[BlackElo "2655"]
[Annotator "Jussupow,A"]
[PlyCount "79"]
[EventDate "1994.08.??"]
[EventType "tourn"]
[EventRounds "9"]
[EventCountry "NED"]
[EventCategory "15"]
[SourceTitle "CBM 043"]
[Source "ChessBase"]
[SourceDate "1994.12.01"]
[SourceVersion "1"]
[SourceVersionDate "1994.12.01"]
[SourceQuality "1"]

1. d4 d5 2. c4 e6 3. Nc3 Nf6 4. cxd5 exd5 5. Bg5 Be7 6. e3 Nbd7 7. Bd3 O-O 8.
Nge2 Re8 9. O-O c6 10. Qc2 Nf8 11. f3 Be6 12. Rad1 (12. Bh4 $5 Ng6 $5 (12...
N6d7 $6 13. Bf2 Bh4 14. g3 Be7 15. Nf4 Nf6 16. Rad1 Bd7 17. e4 dxe4 18. fxe4
Ng4 19. Bc4 $16 {Sadler-Murugan/London/Lloyd Bank/1993}) (12... Rc8 $5) 13. Bf2
c5) (12. Rae1 Rc8 (12... Ng6 $6 13. Ng3 Bd6 14. f4 $1 Bd7 15. e4 $40 {
Pushkov-Obukhov/Azov/1993}) (12... c5 $5 13. dxc5 (13. Bxf6 Bxf6 14. dxc5 Rc8
15. b4 b6 $13) 13... Bxc5 14. Nd4 Rc8 15. Kh1 $14 {Verdier-Paulenard/
Montpellier/B/1989}) (12... N6d7 13. Bxe7 (13. Bf4 Rc8 $5 14. e4 dxe4 15. fxe4
c5 16. d5 c4 17. dxe6 Nxe6 $132 {Georgiev,Ki-Van der Sterren/Lugano/1987})
13... Qxe7 (13... Rxe7 $6 14. e4 Nb6 15. e5 Rc8 16. b4 $16 {
Jacimovic-Milanovic/Cetinje/1992}) 14. Nf4 Qd6 (14... Rad8 $5) 15. Qf2 f6 (
15... Nb6 16. a3 Bd7 17. Re2 c5 18. dxc5 Qxc5 19. Rd1 $14 {Brenninkmeijer-Van
der Sterren/Lyon/zt/1990}) (15... Nf6 $5) 16. Nh5 Bf7 17. Ng3 Bg6 18. e4 $14 {
Baburin-Van der Sterren/Biel/op/1992}) 13. Kh1 (13. Bh4 Ng6 14. Bf2 c5 15. Kh1
a6 16. Qd2 b5 $132 {Petran,Pal-Karsa/HUN-chT/1993}) 13... N6d7 (13... a6 $5 {
/\c5} 14. a3 h6 15. Bh4 c5 16. dxc5 Bxc5 17. Nd4 $14 {Yrjola-Pigusov/Helsenki/
1992}) 14. Bxe7 Qxe7 (14... Rxe7 $6 15. Nf4 $14 {/\Qf2,e4/Kasparov-Andersson/
Belfort/1988/} Nf6 16. Qd2 Rd7 17. b4 $14 {Kasparov}) 15. Qd2 (15. e4 dxe4 16.
fxe4 c5 $132) (15. Nf4 $5) 15... Nb6 16. b3 Rcd8 {/\Nc8-d6} 17. a4 Qb4 $132 {
Lutz-Yusupov/Tilburg/1993}) 12... N6d7 (12... Ng6 {-11...Ng6 12.Rad1 Be6} 13.
Ng3 (13. Qc1 $6 b5 $6 (13... h6 $5) 14. Ng3 h6 15. Bxf6 Bxf6 16. Bxg6 fxg6 17.
Nce2 Qb6 $13 {Horvath,P-Lengyel,B/HUN-chT/1992}) (13. Kh1 Rc8 14. a3 Nd7 15.
Bxe7 Qxe7 16. Bxg6 hxg6 17. e4 g5 18. Ng3 Qf6 $10 {Moskalenko-Gelfand/Norilsk/
1987}) 13... Rc8 14. Rde1 c5 15. f4 Nf8 $132 {Bareev-Yusupov/München/1994}) (
12... Rc8 $5 13. a3 (13. Nf4 $6 Bd7 14. Rfe1 h6 15. Bxf6 Bxf6 $10 {
Peicheva-Torhallsson/Copenhagen op/1990}) (13. e4 dxe4 14. fxe4 Ng4 15. Bxe7
Qxe7 16. Qd2 c5 17. d5 Bd7 $10 {Vaiser-Flear/Isla de Fuerteventura/1992}) (13.
Bh4 {-12.Bh4 Rc8 13.Rad1} Qa5 $6 (13... Ng6) (13... a6 14. Kh1 b5 15. Bf2 Bd7
$6 (15... c5 $14) 16. Bg1 g6 17. Qd2 $36 {/\e4/Eliet-Pedersen/European j ch/
1992}) 14. Bf2 $14 {Malaniuk-Nenashev/Tashkent/1987}) (13. Kh1 {-12.Kh1 Rac8
13.Rad1} Qa5 $6 (13... N6d7 $5) 14. a3 c5 15. dxc5 Qxc5 16. Nd4 $14 {
Sakaev-Cherepkov/Leningrad/1990}) 13... N6d7 (13... c5 14. dxc5 Rxc5 15. Nd4
$14 {Hansen,LB}) 14. Bf4 (14. Bxe7 Qxe7 15. e4 dxe4 16. fxe4 c5 17. d5 c4 $10 {
Kamsky}) 14... a5 (14... Ng6 15. Bg3 Bh4 (15... a5 {Hansen,LB}) (15... c5 $5 {
Hansen,LB}) 16. b4 $14 Bxg3 17. Nxg3 Nf6 {Kamsky-Van der Sterren (04)/ Wijk cm/
1994} 18. h3 $1 {/\Qf2,e4} a5 19. f4 Bd7 20. f5 Nf8 21. e4 dxe4 22. Ncxe4 Nd5
23. Qf2 $14 {/\f6/Kamsky}) 15. Kh1 $5 b5 $5 (15... Ng6 16. Bg3 Bh4 $5) 16. e4
b4 17. axb4 axb4 18. Na4 b3 19. Qb1 (19. Qd2 Ra8 20. Nac3 Nb6 $13 {Kuijf/de
Boeur}) 19... Qa5 20. Nac3 dxe4 21. fxe4 c5 $132 22. Bb5 (22. d5 c4 23. dxe6
fxe6 $13 {Kuijf/de Boeur}) (22. e5 cxd4 23. Nxd4 {Kamsky-Van der Sterren (06)/
Wijk cm/1994} Bg4 $1 24. Rde1 Nc5 25. Bb5 Bd7 26. Bxd7 Nfxd7 27. Qf5 g6 28. Qh3
Nf8 $10 {Kuijf/de Boeur}) 22... cxd4 23. Nxd4 Bg4 24. Rde1 {+/- Kuijf/de Boeur}
) 13. Bxe7 (13. Bf4 Rc8 14. a3 {-12...Rac8 13.a3 Nfd7 14.Bf4}) 13... Qxe7 14.
e4 $1 $146 (14. Nf4 Qd6 15. Qf2 Nf6 $5 16. Bb1 Rad8 17. Qg3 Ng6 $10 {
Ruzele-Van der Sterren/Manila/ol/1992}) 14... dxe4 15. fxe4 Nb6 {/\c5} (15...
c5 $2 16. d5 c4 (16... Bg4 17. d6 $1 $16) 17. Bxc4 Qc5+ 18. Rd4 Bg4 19. Qd2 $16
) 16. e5 {><d6} c5 17. Nb5 $1 (17. Ne4 $4 c4) 17... cxd4 18. Nexd4 $1 $36 (18.
Nd6 $2 Nd5 $1 $15 {/\Nd3}) 18... Qh4 (18... Red8 19. Nd6 $14) 19. Nf3 Qh6 20.
Nd6 Re7 21. Be4 (21. Qf2 $142 Nd5 22. Rfe1 $16) 21... Nc4 $1 22. Nxc4 Rc8 23.
b3 b5 24. Nfd2 $1 bxc4 (24... Ng6 $6 25. Bxg6 hxg6 26. Qe4 $16) (24... Nd7 25.
Bxh7+ Qxh7 26. Qxh7+ Kxh7 27. Nd6 Rc5 28. N6e4 Rxe5 29. Nf3 $36) 25. Nxc4 Bxc4
(25... Nd7 26. Bf5 $16 (26. Bb7 $5) (26. Bd5 Nxe5 27. Bxe6 Qxe6)) 26. bxc4 Rxe5
27. Bd5 $14 Qe3+ (27... Re7 $2 28. Rxf7 Rxf7 $140 29. Bxf7+ Kxf7 30. Qf5+) (
27... Rc7 $5) 28. Kh1 Rc7 29. h3 g6 $6 (29... Ree7 $5) (29... Ng6 $5) 30. Qb2
Qe2 31. Qd4 Qe3 32. Qa1 {/\Rde1} Qg5 33. Rf2 $16 Ne6 34. Rdf1 Qe3 35. Qb2 Re7
36. Rf3 Qg5 $138 37. Rb3 $2 $138 (37. Qf2 $16) 37... h5 $2 (37... Nf4 $1 $14)
38. Rb8+ Nf8 $2 (38... Kg7 $142 $16) 39. Ra8 $1 $18 Rf5 $2 40. Rxf8+ $1 1-0

[Event "Vienna Millenium"]
[Site "Vienna"]
[Date "1996.08.15"]
[Round "7"]
[White "Jussupow, Artur"]
[Black "Kramnik, Vladimir"]
[Result "1/2-1/2"]
[WhiteElo "2665"]
[BlackElo "2765"]
[Annotator "Jussupow,A"]
[PlyCount "72"]
[EventDate "1996.08.09"]
[EventType "tourn"]
[EventRounds "9"]
[EventCountry "AUT"]
[EventCategory "18"]
[SourceTitle "CBM 055"]
[Source "ChessBase"]
[SourceDate "1996.12.01"]
[SourceVersion "1"]
[SourceVersionDate "1996.12.01"]
[SourceQuality "1"]

1. d4 {Hansen,LB} d5 2. c4 c6 3. Nf3 Nf6 4. Nc3 e6 5. Bg5 Nbd7 {Hansen,LB:
Interesting! Usually Kramnik plays 5.-,dxc4.} 6. cxd5 {Hansen,LB: The Queens
Gambit exchange variation is much more dangerous for Black with the white N on
e2 instead of f3.} exd5 7. e3 Be7 8. Qc2 O-O 9. Bd3 Re8 10. O-O Nf8 11. Rae1
Ne4 (11... Ng4 {Hansen,LB} 12. Bxe7 Rxe7 13. b4 Qd6 14. b5 c5 $132 {Khalifman,
A-Lputian,S/Erevan/1996/}) 12. Bxe7 (12. Bf4 {Hansen,LB} Bb4 13. h3 Ng6 14. Bh2
Nh4 15. Nxh4 Qxh4 16. f3 Ng5 $132 {Hjartarson,J-Sokolov,A/Reykjavik/1988/})
12... Qxe7 13. Bxe4 dxe4 14. Nd2 f5 (14... b6 $5 {Hansen,LB} 15. Qa4 (15. Qxe4
Ba6 16. Qxe7 Rxe7 17. Ne2 Rd8 18. b3 Bxe2 19. Rxe2 Rxd4 $1 20. Nf3 Rd6 21. Rc2
c5 $15 {Netusil,M-Kacirek,P/Praha/1993/}) 15... a5 $5 16. Qxc6 Bb7 17. Qxb6 Ba6
18. Ndxe4 Bxf1 19. Rxf1 Qb4 20. Nd5 Qxb6 21. Nxb6 Ra6 22. Nd6 Re6 $13 {1/2-1/2/
Arencibia,J-Garcia,Gi/Havanna/1995/}) 15. f3 exf3 16. Nxf3 Be6 17. e4 fxe4 18.
Rxe4 h6 19. Rfe1 (19. Ne2 Qb4 $1 $10 20. a3 Qb3 21. Qd2 Bd5 22. Rxe8 Rxe8 23.
Ne5 Ne6 24. Nc3 Qb6 25. Nxd5 cxd5 (25... Qxd4+ $1 26. Qxd4 Nxd4 $10) 26. Nf3
Nf8 27. Qf2 $6 (27. Rc1 $14) 27... Ng6 28. Nh4 Nxh4 $1 $10 {1/2-1/2 Timman,
J-Yusupov,A/Tilburg (m8) 41/470 1986 (41)}) 19... Rad8 {Hansen,LB: Very cool!
The pin on the e-file is not dangerous.} 20. h3 $5 $146 (20. Re5 Qf7 $10 21. b4
$2 {><c4, b4} (21. a3) (21. b3) 21... Nd7 22. Ra5 $2 (22. R5e3 $142) 22... Bg4
$15 {0-1 Hjartarson,J-Short,N/Dubai (ol) 42/523 1986 (32)}) (20. R1e3 Qf7 21.
Ne5 (21. Qe2 Bc4 22. Qe1 Rxe4 23. Rxe4 Be6 24. h4 Re8 25. Ne5 Qf6 26. Qg3 Qd8
$15 {Semkov,S-Dokhoian,Y/Erevan/1988/}) 21... Qf5 22. Rg3 $2 (22. Rf3 $10) (22.
Qe2 $10) 22... Rxd4 23. Ng4 Kh8 24. Nxh6 gxh6 25. Qc1 Qf6 {-+ Timman,J-Short,N/
Amsterdam (Euwe Memorial) 45/(478) 1988} (25... Qf6 {Hansen,LB} 26. Ree3 Rf4
27. Ne2 Rf5 28. Ref3 Bd7 29. Nf4 Qd4+ 30. Kf1 Kh7 31. Rh3 Rc5 {0-1/Timman,
J-Short,N/Amsterdam/1988/})) (20. Ne5 $5 Qg5 (20... Qb4 21. Qf2) (20... Bf5 $2
21. Nxc6) 21. Qf2 Ng6 22. Nf3 Qf6 $6 (22... Qf5 $1 $13) 23. Qe3 Bf7 24. Ne5 {
/\ 24...Ne5 25.de5 Qe6 26.Qa7 +/- Germanavichus,Sh-Kruopis/USSR 43/(501) 1987})
20... Qd6 (20... Qf7 21. Ne5 Qf5 22. Rf1 $36) 21. R1e3 Bf7 {Is this necessary?
A solid alternative was 21.-,Qb8} (21... Re7 $14) (21... Qb8 $10 {Hansen,LB})
22. Rxe8 Rxe8 23. Rxe8 Bxe8 24. Qb3+ Kh7 (24... Qe6 25. Qxb7 Qe3+ 26. Kh1 Qc1+
27. Ng1 $16) 25. Qxb7 Bh5 26. Ne4 (26. Qa6 Bxf3 27. Qd3+ Ng6 28. Qxf3 Qxd4+ $14
) 26... Qf4 (26... Qg6 27. Nfd2 $16) 27. Qxc6 {Hansen,LB: Safe, but after this
Black is not in any danger.} (27. Ned2 $142 Bxf3 (27... Ne6 $13 {Hansen,LB})
28. Nxf3 Qc1+ 29. Kh2 Ne6 30. Qd7 $16) 27... Bxf3 28. gxf3 Ng6 $132 (28... Qxf3
$4 {Hansen,LB} 29. Ng5+ $18) 29. Nf2 (29. Kf2 $5 $13) 29... Qxd4 30. Qc2 Qd5
31. f4 (31. Kg2 Qxa2 32. h4 Qd5 33. Nh3 Qe5 34. b4 a6 $1 $10) 31... Qf3 $1 (
31... Qxa2 $6 {Hansen,LB} 32. f5 $36) 32. f5 Nf4 33. f6+ Kg8 $10 34. Qc4+ (34.
Qb3+ $2 {Hansen,LB} Qxb3 35. axb3 gxf6 $17) 34... Kh7 35. Qc2+ (35. Qe4+ Qxe4
36. Nxe4 gxf6 $10) 35... Kg8 36. Qc4+ (36. Qc8+ Kh7 $10 (36... Kf7 37. Qd7+
Kxf6 38. Ng4+ Kg5 39. Qxg7+ Kh4 40. Qe7+ Kg3 41. Qe1+ Kxh3 42. Nf2+ Kg3 $10))
36... Kh7 1/2-1/2

[Event "Tilburg"]
[Site "Tilburg"]
[Date "1993.??.??"]
[Round "3"]
[White "Lutz, Christopher"]
[Black "Jussupow, Artur"]
[Result "0-1"]
[WhiteElo "2605"]
[BlackElo "2630"]
[Annotator "Jussupow,A"]
[PlyCount "78"]
[EventDate "1993.11.??"]
[EventType "k.o."]
[EventRounds "7"]
[EventCountry "NED"]
[SourceTitle "CBM 039"]
[Source "ChessBase"]
[SourceDate "1994.04.01"]
[SourceVersion "1"]
[SourceVersionDate "1994.04.01"]
[SourceQuality "1"]

1. c4 e6 2. Nc3 d5 3. d4 Nf6 4. cxd5 exd5 5. Bg5 Be7 6. e3 O-O 7. Bd3 Nbd7 8.
Nge2 Re8 9. O-O c6 10. Qc2 Nf8 11. f3 Be6 12. Rae1 (12. Rad1 N6d7 13. Bf4 Rc8
14. a3 a5 $5 (14... Ng6 15. Bg3 Bh4 16. b4 $14 {Kamsky-Van der Sterren/Wijk an
Zee/cm/4/1994}) 15. Kh1 b5 $132 {Kamsky-Van der Sterren/Wijk an Zee/cm/6/1994})
12... Rc8 13. Kh1 N6d7 14. Bxe7 Qxe7 $146 (14... Rxe7 15. Nf4 {
(Kasparov-Andersson/Belfort/1988)} Nf6 16. Qd2 Rd7 17. b4 $14 {Kasparov}) 15.
Qd2 (15. e4 dxe4 16. fxe4 c5 $132) (15. Nf4 $5) 15... Nb6 16. b3 {><c4} (16. e4
c5 $10) 16... Rcd8 {/\Nc8-d6} 17. a4 Qb4 $132 18. Ne4 Qxd2 $8 19. Nxd2 Bd7 $1
$10 {/\Ne6} 20. Ng3 (20. Nf4 $10) 20... a5 21. Re2 $6 (21. Kg1 {/\Kf2}) 21...
Ne6 22. Rc1 Nc8 $15 {/\Nd6, g6,b6,c5} 23. f4 $6 Nd6 24. Nf3 f6 25. Kg1 Re7 26.
h4 $2 {><g4} (26. Rce1 $15) 26... Rde8 27. Kf2 Nd8 $1 {/\Nf7-h6-g4} 28. Ree1
N8f7 $17 29. Nh2 $6 (29. Nf1 $142 {/\N1h2}) 29... Nh6 30. Ngf1 Bf5 31. Be2 $6
$138 (31. Bxf5 $142 $17) 31... Ne4+ 32. Kg1 g5 $1 $40 33. g4 $2 (33. fxg5 $142
fxg5 34. hxg5 Nxg5 $17) 33... gxf4 $1 34. gxf5 $6 (34. exf4 Bxg4 35. Bxg4 Rg7
36. Ne3 f5 $19) 34... Rg7+ $19 35. Bg4 (35. Kh1 Nf2#) 35... Nxg4 36. Nxg4 Rxg4+
37. Kh2 f3 38. Rc2 Rxh4+ 39. Kg1 Kf7 {Yusupov} 0-1

[Event "RUS-ch"]
[Site "Elista"]
[Date "1994.??.??"]
[Round "9"]
[White "Ruban, Vadim"]
[Black "Panchenko, Alexander N"]
[Result "1-0"]
[WhiteElo "2560"]
[BlackElo "2475"]
[Annotator "Kharitonov,A"]
[PlyCount "117"]
[EventDate "1994.09.??"]
[EventType "swiss"]
[EventRounds "11"]
[EventCountry "RUS"]
[SourceTitle "CBM 044"]
[Source "ChessBase"]
[SourceDate "1995.02.01"]
[SourceVersion "1"]
[SourceVersionDate "1995.02.01"]
[SourceQuality "1"]

1. d4 {Ftacnik} Nf6 2. c4 e6 3. Nf3 d5 4. Nc3 c6 5. Bg5 Nbd7 6. cxd5 exd5 7. e3
Be7 8. Bd3 O-O 9. Qc2 Re8 10. O-O Nf8 11. h3 g6 12. Rab1 (12. Bh6 Ne6 13. Ne5
Ng7 14. g4 $5 Nd7 15. f4 $36 {Christiansen,L-Van der Sterren,P/Luzern/1989/1:0/
31/}) 12... Ne6 13. Bh6 Ng7 (13... c5 $6 14. dxc5 Nxc5 15. Rbd1 Qa5 16. Nd4 Bd7
17. Bg5 $1 $14 {Yermolinsky,A-Kaidanov,G/Asheville/1994/1:0/52/}) 14. b4 a6 15.
a4 Bf5 16. Bxg7 (16. Ne5 Rc8 17. Bxg7 Bxd3 18. Nxd3 Kxg7 19. Rb3 Bd6 $10 {
Gelfand,B-Ivanchuk,V/Linares/1993/0:1/38/}) 16... Bxd3 17. Qxd3 Kxg7 18. b5 (
18. Rfc1 Bd6 19. b5 axb5 20. axb5 Ra3 21. Qc2 Qa5 $10 {Lobron,E-Smagin,S/BRD/
1992/1:0/39/}) 18... axb5 (18... cxb5 $5 19. axb5 a5 $13) 19. axb5 Ra3 20. bxc6
$1 $146 (20. Qc2 $2 Qa5 21. Rb3 Rc8 $15 {Van Wely,L-Hjartarson,J/ISL/1994/0:1/
52/}) 20... bxc6 (20... Qa5 21. Rfc1 Bb4 $2 (21... Ne4 $2 22. Qb5 Nxc3 23. Qxa5
Rxa5 24. Rxc3 $18) (21... bxc6 $10) 22. cxb7 Rb8 23. Ne5 Rxc3 24. Rxc3 Bxc3 25.
Nc6 $18) 21. Qc2 Qa5 22. Rfc1 Bb4 (22... Bd6 23. Rb7 $16) (22... Rc8 23. Rb7) (
22... c5 $5 23. Nb5 (23. dxc5 Qxc5 24. Rb5 Qc4 $13) (23. Rb5 {Ftacnik} Qa6 24.
Qb2 $14) 23... Ra2) 23. Rb3 (23. Ne2 $5 {Ftacnik} Ra2 24. Rb2 Rxb2 25. Qxb2 Ba3
26. Qa2 $14) 23... Rc8 (23... Rxb3 24. Qxb3 Rc8 25. Ne5 $16) 24. Rxa3 Qxa3 25.
Nb1 (25. Ne5 $6 {Ftacnik} c5 26. Nb5 Qa6) 25... Qa6 $6 (25... Qa5 26. Nbd2 (26.
Ne5 c5 27. Nd3 c4 28. Nxb4 Qxb4 29. Nc3 $10) 26... Nd7 27. Nb3 Qb6 $10) 26. Ne5
Bd6 (26... c5 27. Nd3 $16) 27. Nd3 $14 (27. Nxc6 $2 Nd7 28. e4 Bf4 $19) 27...
Nd7 (27... Rc7 28. Nd2 Nd7 29. Nb3 Qb5 $14) 28. Nc3 (28. Nd2 $5 {Ftacnik})
28... Nf6 $6 (28... Nb6 $5 {Ftacnik} 29. Nd1 Nc4 30. N1b2 $14) 29. Na4 h5 (
29... Ne4 $1 {Ftacnik} 30. Nac5 Nxc5 31. Nxc5 Bxc5 32. Qxc5 $14) 30. Nac5 Bxc5
$2 (30... Qa7 31. Rb1 Rb8 32. Rxb8 Qxb8 $14) 31. Nxc5 Qa7 32. Qd1 Qe7 $2 (32...
Nd7 $1 33. Nd3 (33. Ra1 Qc7 34. Nxd7 (34. Nd3 $16 {Ftacnik}) 34... Qxd7 $14))
33. Qa4 $16 Ne4 34. Qa6 (34. Nxe4 Qxe4 35. Rxc6 Qe8 36. Ra6 Rc1+ 37. Kh2 Qb8+
38. f4 Qb1 $40) 34... Nd6 (34... Rc7 35. Nxe4 Qxe4 36. Rxc6 $16) 35. Nd3 $1 Qb7
(35... f6 36. Nb4 $18) (35... Qe8 36. Ne5 Ra8 37. Qb6 Rb8 38. Qc7 $18) 36. Qxb7
Nxb7 37. Nb4 c5 (37... Nd8 38. Nxd5 $18) 38. dxc5 Rxc5 39. Rxc5 Nxc5 40. Nxd5
$16 h4 $5 (40... g5 $16) (40... f5 41. h4) 41. f4 $2 (41. f3 $5) 41... Ne4 42.
Kf1 f5 43. Ke2 g5 $2 (43... Kf7 44. Kd3 Ke6 45. Nb4 (45. Nc3 Nxc3 46. Kxc3 Kd5
47. Kd3 Ke6 48. Kc4 Kd6 49. Kd4 Ke6 50. Kc5 Ke7 51. Kd5 Kd7 52. e4 fxe4 53.
Kxe4 Ke6 $10)) (43... Kh6 {Ftacnik} 44. Nb4 Kh5 45. Nd3 Ng3+ 46. Ke1 Ne4 47.
Ne5 Ng3 48. Nf3 Ne4 49. Ke2 Ng3+ 50. Kd3 Ne4 51. Kd4 Ng3 52. Nd2 Kh6 53. Ke5
Kh5 54. Kf6 Kh6 55. Kf7 Kh5 56. Kg7 g5 57. fxg5 Kxg5 58. Kf7 $18) 44. fxg5 Kg6
45. Nf4+ Kxg5 46. Ne6+ $1 $18 Kf6 47. Nd4 Nc3+ (47... Kg5 48. Nf3+ Kh5 49. Kd3
Nf2+ (49... Ng3 {Ftacnik} 50. Kc4 $1 Nf1 51. Kd4 Ng3 52. Ke5 Nf1 53. Kf4 Ng3
54. Nd4 Kg6 55. Ke5 Kg5 56. Nf3+ Kh5 57. Kf4 $1 $18) 50. Kc4 $1 Nd1 51. Kd4 $22
Nf2 52. Ke5 Nd1 53. Kf4 $18) 48. Kd3 Nd5 49. Nf3 f4 50. e4 Nb4+ 51. Kc3 Nc6 52.
Kc4 Ke6 (52... Ne7 53. Nxh4 Ke5 54. Kd3 $18) 53. Nd4+ (53. Nxh4 Ke5 54. Kd3
Nb4+ 55. Kc4 Nc6 $10) 53... Ke5 (53... Nxd4 {Ftacnik} 54. Kxd4 Kd6 55. e5+ Ke6
56. Ke4 $18) 54. Nxc6+ Kxe4 55. Nd4 Ke3 56. Nf3 Kf2 57. Nxh4 Kg3 58. Kd4 (58.
Ng6 $2 Kxg2 59. Nxf4+ Kg3 $10) 58... Kxh4 59. Ke4 (59. Ke4 Kg3 60. h4 $18 (60.
h4 {Ftacnik} Kg4 61. h5 Kg5 62. h6 Kxh6 63. Kxf4 Kg6 64. Kg4 Kf6 65. Kh5 Kg7
66. Kg5 Kf7 67. Kh6 Kf6 68. g4 $18)) 1-0

[Event "Yerevan Zonal"]
[Site "Yerevan"]
[Date "1981.02.??"]
[Round "9"]
[White "Sveshnikov, Evgeny"]
[Black "Jussupow, Artur"]
[Result "0-1"]
[WhiteElo "2535"]
[BlackElo "2575"]
[Annotator "Kharitonov,A"]
[PlyCount "84"]
[EventDate "1982.02.??"]
[EventType "tourn"]
[EventRounds "15"]
[EventCountry "URS"]
[EventCategory "12"]
[SourceTitle "MCL"]
[Source "ChessBase"]
[SourceDate "1999.07.01"]
[SourceVersion "1"]
[SourceVersionDate "1999.07.01"]
[SourceQuality "1"]

1. d4 d5 2. c4 c6 3. Nf3 Nf6 4. Nc3 e6 5. Bg5 Nbd7 6. cxd5 exd5 7. e3 Be7 8.
Bd3 O-O 9. Qc2 Re8 10. O-O Nf8 11. Rab1 Bd6 $6 (11... a5 $142 12. a3 Ng6 13. b4
Bd6 14. Bf5 (14. e4 axb4 15. axb4 dxe4 16. Nxe4 Be7 $13) 14... Bxf5 15. Qxf5
Qd7 16. Qxd7 Nxd7 17. bxa5 Reb8 18. a4 Rxa5 19. Rb3 $10) (11... a5 12. h3 Bd6
13. Rbe1 Bd7 14. e4 $1 dxe4 15. Nxe4 Be7 16. Nc5 Bc8 17. Bc4 Nd5 $8 18. Bxe7
Rxe7 19. Bxd5 cxd5 $16 {Eingorn,V-Pigusov,E/Sochi/1985/1:0 (41)}) 12. Rfe1 (12.
h3 Ng6 (12... h6 13. Bh4 g5 14. Bg3 Bxg3 15. fxg3 Rxe3 16. Ne5 $36) 13. e4 dxe4
14. Nxe4 Be7 $13) (12. b4 a6 13. a4 Ng6 14. b5 axb5 15. axb5 Bg4 16. Nd2 h6 17.
Bxf6 Qxf6 $13) (12. e4 dxe4 13. Nxe4 Be7) 12... Bg4 13. Nd2 Ng6 14. e4 $1 Bf4
$8 (14... dxe4 $2 15. Ndxe4 Be7 16. Nxf6+ Bxf6 17. Rxe8+ Qxe8 18. Bxf6 gxf6 $16
{Yusupov/}) 15. Bxf6 (15. Bxf4 $5 Nxf4 (15... dxe4 16. Bg5 $1 (16. Ndxe4 Nxf4
17. Nxf6+ Qxf6 18. Bxh7+ Kh8 $13) 16... exd3 17. Qxd3 $14) 16. e5 Nxd3 17. Qxd3
Nd7 18. f3 Be6 19. f4 f5 20. b4 $14) 15... Qxf6 16. e5 Qg5 17. Nf1 c5 $1 (17...
Qh5 18. f3 Bd7 19. Qf2 {/\g3,f4+/-/}) 18. Bxg6 hxg6 19. Nxd5 cxd4 20. h4 (20.
Nc7 Rac8 $17) 20... Bf5 (20... Qh6 21. Qe4 Bf5 22. Qxf4 Bxb1 23. Rxb1 Qxf4 24.
Nxf4 Rxe5 25. Rd1 $16) 21. Qa4 $2 (21. Qc5 Qg4 $13 (21... Qxh4 $2 22. g3 $18))
(21. hxg5 Bxc2 22. Nxf4 Bxb1 23. Rxb1 Rxe5 24. Nd2 Rxg5 25. Nf3 Rf5 26. Nd3 $14
) 21... Qg4 22. Nc7 $8 Bxb1 23. Nxe8 (23. Nxa8 Rxa8 24. Rxb1 Bxe5 $19) 23...
Bxa2 $1 24. Nc7 Rc8 25. Qxa2 Rxc7 26. e6 $1 (26. Qxa7 Rd7) 26... Bd6 $1 (26...
fxe6 27. Rxe6 Kh7 28. Re8 $40) 27. Qd5 (27. exf7+ Rxf7 28. Re8+ Bf8 29. Qxa7
Qxh4 $17) 27... Bf8 28. Ng3 (28. Qd8 Re7 $17) 28... fxe6 29. Rxe6 Kh7 30. Re4 (
30. Re8 Re7 $17) (30. Re8 Re7 $1 (30... Rc1+ 31. Nf1 Qd1 32. Rxf8 Qxf1+ 33. Kh2
Qc4 34. Qxb7 d3 35. Qe7 d2 36. Qd8 Qc7+ 37. Qxc7 Rxc7 38. Rd8 $10) 31. Rxf8 $2
Re1+ 32. Nf1 Rxf1+ $19) 30... Qd7 31. Qg5 (31. Qxd4 Qxd4 32. Rxd4 Rc2 33. Ne4
Rxb2 34. Ng5+ Kg8 35. Rd8 Rb6 $17) 31... Rc5 (31... d3 $19) 32. Qf4 Bd6 $1 33.
Rxd4 Bxf4 34. Rxd7 Bxg3 35. fxg3 Rb5 36. Rd2 g5 $1 $19 37. Kh2 Rb3 $1 38. hxg5
(38. Kh3 gxh4 39. Kxh4 Kg6 40. Kg4 Rb4+ 41. Kf3 Kf5 $19) (38. Rc2 Kg6) 38...
Kg6 39. Kg1 a5 $1 (39... Rxg3 $2 40. b4 Rg4 41. b5 Rxg5 42. Ra2 Rxb5 43. Rxa7
Kf6 $15) 40. Kh2 a4 41. Rd4 b5 42. Rd2 Kxg5 (42... Kxg5 43. Rf2 Kh5 44. Kh3 g5
45. Re2 g4+ 46. Kh2 Kg5 47. Kg1 Kf5 48. Kf2 b4 $22 49. Rc2 Ke4 50. Rd2 Rd3 51.
Rc2 Kd4 $19) 0-1

[Event "Groningen op"]
[Site "Groningen"]
[Date "1993.??.??"]
[Round "3"]
[White "Vaisser, Anatoli"]
[Black "Van de Griendt, Jan Willem"]
[Result "1-0"]
[WhiteElo "2580"]
[BlackElo "2400"]
[Annotator "Kharitonov,A"]
[PlyCount "111"]
[EventDate "1993.12.??"]
[EventType "swiss"]
[EventRounds "11"]
[EventCountry "NED"]
[SourceTitle "CBM 039"]
[Source "ChessBase"]
[SourceDate "1994.04.01"]
[SourceVersion "1"]
[SourceVersionDate "1994.04.01"]
[SourceQuality "1"]

1. d4 Nf6 2. c4 e6 3. Nc3 d5 4. cxd5 exd5 5. Bg5 Be7 6. e3 Nbd7 7. Bd3 O-O 8.
Nge2 c6 9. Qc2 Re8 10. O-O Nf8 11. f3 Ng6 12. Rad1 $5 $146 (12. e4 dxe4 13.
fxe4 Be6 14. Rad1 (14. h3 Nh5 15. Bxe7 Qxe7 16. e5 Qh4 17. Ne4 Nhf4 18. Nxf4
Nxf4 $13 {Petrosian,A-Akopian,V/Erevan/1989/0,5 (44)/}) 14... Ng4 15. Bc1 c5
16. Bb5 Qc7 17. g3 Red8 18. d5 Bc8 $15 {Neverov,V-Gelfand,B/SSSR/1987/0:1 (61)}
) 12... Nh5 (12... Be6 $5 13. e4 dxe4 14. fxe4 Ng4 $13) 13. Bxe7 Qxe7 14. e4
$14 Qg5 (14... Nhf4 $2 15. Nxf4 Nxf4 16. exd5 $16) (14... dxe4 15. fxe4 Be6 16.
e5 $1 $16) 15. Qd2 (15. e5 f6 $132) 15... Qxd2 16. Rxd2 Be6 (16... dxe4 $5 17.
fxe4 Nf6) 17. e5 Nhf4 (17... f5 18. f4 Nf8 19. b4 $16) 18. Bc2 Nxe2+ 19. Nxe2
$16 Ne7 (19... f5 20. f4) 20. g4 Rac8 (20... Rec8 $5 21. b4 a5 $14) 21. b4 Ra8
(21... a5 $5 22. a3 (22. bxa5 Ra8 23. Rb1 Bc8) 22... axb4 23. axb4 Ra8 $132)
22. Rb1 Rec8 (22... a5 23. b5) 23. Bd3 Rc7 24. Rc2 a6 25. h3 g6 $2 (25... f5
26. Nf4 (26. exf6 gxf6 27. Nf4 $16) 26... Kf7) 26. Ng3 Rf8 27. f4 Kh8 $2 (27...
f5 $8 28. exf6 Rxf6 29. Rf1 {/\30.f5+/-/}) 28. f5 $18 gxf5 29. gxf5 Rg8 30. Rg2
$1 (30. Kh2 Rxg3 31. Kxg3 Nxf5+ 32. Kf4 Nxd4 $132) 30... Bc8 31. Rf1 Rg5 32.
Rf4 b6 33. h4 Rg8 34. Nh5 $1 Rxg2+ 35. Kxg2 Ng8 (35... c5 36. bxc5 bxc5 37.
dxc5 Rxc5 38. e6 $1 fxe6 39. f6 $18) 36. Rg4 Nh6 37. Rg5 c5 38. bxc5 bxc5 39.
dxc5 Rxc5 40. f6 Rc3 41. Nf4 d4 42. Rg7 Bf5 43. Bxf5 Nxf5 44. Rxf7 Kg8 45. Rd7
Nxh4+ 46. Kh1 Rc1+ (46... Rf3 47. e6) 47. Kh2 Nf3+ 48. Kg2 Nxe5 49. Rg7+ Kh8 (
49... Kf8 50. Ne6+ Ke8 51. Re7#) 50. Re7 Rc2+ 51. Kf1 Kg8 (51... Rc1+ 52. Ke2
Rc2+ (52... d3+ 53. Nxd3) 53. Kd1) 52. Rxe5 Kf7 53. Nd5 d3 54. Re7+ Kf8 55. Nf4
Rc1+ 56. Kf2 1-0